LEADER 01281nam0-22003371i-450- 001 990000156980403321 005 20060927131912.0 035 $a000015698 035 $aFED01000015698 035 $a(Aleph)000015698FED01 035 $a000015698 100 $a20020821d1999----km-y0itay50------ba 101 0 $aeng 102 $aIT 105 $ay-------001yy 200 1 $a5. edition of the international symposium on high speed marine vehicles$eCapri 24-26 march 1999$forganized by Dipartimento di ingegneria navale, Università di Napoli Federico 2., Atena Associazione italiana di tecnica navale 210 $a[Napoli$cs.n.]$d[1999] 215 $a[331] p.$d30 cm 610 0 $aCatamarani$aCongressi$a1999 610 0 $aAliscafi$aCongressi$a1999 676 $a623.825 710 12$aInternational symposium on high speed marine vehicles$d<5. ;$f1999 ;$eCapri>$09733 712 02$aUniversità degli studi di Napoli Federico II.$bDipartimento di ingegneria navale 712 02$aAssociazione italiana di tecnica navale 801 0$aIT$bUNINA$gRICA$2UNIMARC 901 $aBK 912 $a990000156980403321 952 $a13 G 27 26$b11669$fFINBC 959 $aFINBC 996 $a5. edition of the international symposium on high speed marine vehicles$9121515 997 $aUNINA LEADER 00892nam0-22003371i-450- 001 990000859540403321 005 20001010 010 $a88-214-0800-0 035 $a000085954 035 $aFED01000085954 035 $a(Aleph)000085954FED01 035 $a000085954 100 $a20001010d--------km-y0itay50------ba 101 0 $aita 105 $ay-------001yy 200 1 $aProgrammare in LIPS$fH. Farreny 210 $aMilano$cMasson Italia Editori$d1986 215 $aXI, 113 p.$d21 cm 225 1 $aABC di informatica 300 $aTit. orig. : Programmer en LIPS 610 0 $aProgrammare in LIPS 676 $a005.1 700 1$aFarreny,$bHenri$0334689 801 0$aIT$bUNINA$gRICA$2UNIMARC 901 $aBK 912 $a990000859540403321 952 $a02 54 C 26$b5729$fFINBN 959 $aFINBN 996 $aProgrammare in LIPS$9349611 997 $aUNINA DB $aING01 LEADER 02303nas0-22004571i-450- 001 990000959290203316 005 20120417114235.0 011 $a0167-8396 035 $a0095929 035 $aUSA010095929 035 $a(ALEPH)000095929USA01 035 $a0095929 100 $a20020213a----9999km-y0itay0103----ba 101 $aeng 102 $aNL 110 $aaza----0--1 200 1 $aComputer-aided geometric design 210 $aAmsterdam$cElsevier 215 $av.$cill. 304 $aComincia nel 1984 326 $aPubbl. 9 n. l'anno 606 0 $aGrafica con gli elaboratori$xPeriodici 676 $a620.00420285 801 0$aIT$bsalbc$gISBD 856 4 $uhttp://periodici.caspur.it/cgi-bin/sciserv.pl?collection=journals&journal=01678396$4.$zOnline da workstation autorizzate. Cartaceo fino al 2007. 912 $a990000959290203316 958 $aTEC$bFondo$c8(1991)-24(2007); 28(2011)- 959 $aSE 979 $aJOHNNY$b90$c20020213$lUSA01$h1621 979 $c20020403$lUSA01$h1738 979 $aPATRY$b90$c20040406$lUSA01$h1706 979 $aPATRY$b90$c20080527$lUSA01$h1803 979 $aVITTORIANA$b90$c20120417$lUSA01$h1142 996 $aComputer aided geometric design$9382853 997 $aUNISA Z30 2$lUSA50$LAdministrative$mISSBD$1TEC$ATEC$3IV T 5 (Mecc)$616362 Ing$5B1019$820021209$a2001$b18$c1$f09$FNON Prestabile$hVol.18, n. 1-9 (2001)$i20010210$j20010217$k20020219 Z30 2$lUSA50$LAdministrative$mISSBD$1TEC$ATEC$3IV T 5 (Mecc)$616853 Ing$5B1566$820030109$a2002$b19$c1$f09$FNON Prestabile$hVol.19, nn. 1-9 (2002)$i20020210$j20020217$k20020410 Z30 2$lUSA50$LAdministrative$mISSBD$1TEC$ATEC$3IV T 5 (Mecc)$617426 Ing$5B37932$820031128$a2003$b20$c1$f09$FNON Prestabile$hVol.20, nn. 1-9 (2003)$i20030210$j20030217$k20030502 Z30 2$lUSA50$LAdministrative$mISSUE$1TEC$ATEC$3IV T 5 (MECC)$5128283-300$820040112$a2004$b21$c1$f09$FNON Prestabile$hVol.21, n. 1 (2004)$i20040210$j20040217$k20040224 Z30 2$lUSA50$LAdministrative$mISSUE$1TEC$ATEC$3IV T 5 (MECC)$5128283-310$820040224$a2004$b21$c2$f09$FNON Prestabile$hVol.21, n. 2 (2004)$i20040321$j20040328$k20040224 Z30 2$lUSA50$LAdministrative$mISSUE$1TEC$ATEC$3IV T 5 (MECC)$5128283-320$820040224$a2004$b21$c3$f09$FNON Prestabile$hVol.21, n. 3 (2004)$i20040430$j20040507